000
00320nam a22001457a 4500
008
210311b ||||| |||| 00| 0 eng d
020
_a
9781401811921
041
_a
eng
080
_a
610.73
082
_a
610.73
100
_a
2
101
_a
INF
245
_a
Maternity Nursing Care
_c
Littleton,Y.L
942
_2
udc
_c
BK
999
_c
56366
_d
56366